Normal view
MARC view
- Shivaji K.P (Guide)
Entry Personal Name
001 - CONTROL NUMBER
- control field: 3846
003 - CONTROL NUMBER IDENTIFIER
- control field: OSt
005 - DATE AND TIME OF LATEST TRANSACTION
- control field: 20181102143131.0
008 - FIXED-LENGTH DATA ELEMENTS
- fixed length control field: 181102|| aca||aabn | a|a d
040 ## - CATALOGING SOURCE
- Original cataloging agency: OSt
- Transcribing agency: OSt
100 ## - HEADING--PERSONAL NAME
- Personal name: Shivaji K.P (Guide)
670 ## - SOURCE DATA FOUND
- Source citation: Work cat.: (OSt)14955: ATHIRA PRASAD SHAHAMA K MUKESH KUMAR 3845, Development of pineapple harvesting attachment for brush cutter
